[Event "8. Open de Calvia de Aficionados 2011"]
[Site "Calvià ESP"]
[Date "2011.10.10"]
[Round "3.14"]
[White "Walton, Alan J"]
[Black "Sanchez Garcia, Julio"]
[Result "1-0"]
[WhiteElo "2164"]
[BlackElo "2007"]
[PlyCount "61"]
[EventDate "2011.10.08"]
[EventType "swiss"]
[EventRounds "9"]
[EventCountry "ESP"]
[Source "lmi"]
[SourceDate "2011.10.08"]

1. d4 e6 2. e4 d5 3. Nc3 Nf6 4. Bg5 Be7 5. e5 Nfd7 6. Bxe7 Qxe7 7. f4 a6 8. Nf3
b6 9. Bd3 c5 10. O-O Nc6 11. dxc5 bxc5 12. Qe1 Bb7 13. b3 O-O-O 14. Qe2 Nb4 15.
a3 Nxd3 16. cxd3 Kb8 17. Rfb1 Rc8 18. Na4 Bc6 19. Nb2 Ka7 20. Qf2 f6 21. Rc1
fxe5 22. Nxe5 Nxe5 23. fxe5 d4 24. b4 Rhf8 25. Qd2 cxb4 26. axb4 Bb5 27. Nc4
Rf5 28. Nd6 Rxc1+ 29. Qxc1 Qd7 30. Qc5+ Kb8 31. Qb6+ 1-0

[Event "8. Open de Calvia de Aficionados 2011"]
[Site "Calvià ESP"]
[Date "2011.10.10"]
[Round "3.15"]
[White "Svensson, Leif 1940"]
[Black "Carlsten, Peter"]
[Result "1-0"]
[WhiteElo "2156"]
[BlackElo "2019"]
[PlyCount "77"]
[EventDate "2011.10.08"]
[EventType "swiss"]
[EventRounds "9"]
[EventCountry "ESP"]
[Source "lmi"]
[SourceDate "2011.10.08"]

1. d4 d6 2. e4 Nf6 3. Nc3 e5 4. Nf3 Nbd7 5. Bc4 Be7 6. O-O O-O 7. Qe2 c6 8.
dxe5 dxe5 9. Rd1 Qc7 10. a3 a5 11. Bg5 Nc5 12. h3 b5 13. Ba2 Be6 14. Qe3 Bxa2
15. Bxf6 gxf6 16. Rxa2 b4 17. Ne2 Rfd8 18. Raa1 Rxd1+ 19. Rxd1 bxa3 20. bxa3
Rd8 21. Rb1 Rb8 22. Re1 Rb2 23. Qc3 Na4 24. Qc4 Nb6 25. Qd3 Ra2 26. Nh4 Rxa3
27. c3 Qd8 28. Qg3+ Kh8 29. Nf5 Bf8 30. Qh4 Ra2 31. Neg3 Rd2 32. Kh2 Nd7 33.
Nh5 Rd3 34. Rb1 a4 35. Rb7 Be7 36. Ra7 a3 37. Nxe7 Qxe7 38. Ra8+ Nf8 39. Qg4
1-0

[Event "8. Open de Calvia de Aficionados 2011"]
[Site "Calvià ESP"]
[Date "2011.10.10"]
[Round "3.16"]
[White "Svensson, Mikael"]
[Black "Rhein, Klaus"]
[Result "0-1"]
[WhiteElo "2016"]
[BlackElo "2126"]
[PlyCount "78"]
[EventDate "2011.10.08"]
[EventType "swiss"]
[EventRounds "9"]
[EventCountry "ESP"]
[Source "lmi"]
[SourceDate "2011.10.08"]

1. e4 g6 2. Nc3 Bg7 3. f4 c5 4. Nf3 Nc6 5. Bb5 Nd4 6. O-O a6 7. Bd3 e6 8. Nxd4
cxd4 9. Ne2 Ne7 10. c3 Nc6 11. cxd4 Nxd4 12. Nxd4 Bxd4+ 13. Kh1 O-O 14. Qf3 d5
15. e5 f6 16. Qg4 f5 17. Qg3 Bd7 18. Be2 Rc8 19. Rb1 Qa5 20. a3 Bb5 21. b4 Qb6
22. d3 Rf7 23. h4 Qd8 24. Rf3 Rfc7 25. Qe1 Rc2 26. h5 Kf7 27. Rh3 g5 28. fxg5
Bxe5 29. g6+ Kg7 30. Bd1 Qf6 31. Bxc2 Rxc2 32. h6+ Kg8 33. gxh7+ Kxh7 34. Re3
Qg5 35. Bd2 Bf4 36. Rxe6 Qh5+ 37. Kg1 Qh2+ 38. Kf1 Bxd3+ 39. Re2 Bg3 0-1

[Event "8. Open de Calvia de Aficionados 2011"]
[Site "Calvià ESP"]
[Date "2011.10.10"]
[Round "3.17"]
[White "Obers, Frits"]
[Black "Saez Gabikagogeaskoa, Oscar"]
[Result "1/2-1/2"]
[WhiteElo "2105"]
[BlackElo "1995"]
[PlyCount "137"]
[EventDate "2011.10.08"]
[EventType "swiss"]
[EventRounds "9"]
[EventCountry "ESP"]
[Source "lmi"]
[SourceDate "2011.10.08"]

1. c4 Nf6 2. g3 c5 3. Bg2 Nc6 4. Nc3 e5 5. d3 Be7 6. Nf3 d5 7. cxd5 Nxd5 8.
Nxd5 Qxd5 9. O-O O-O 10. Be3 Qd6 11. Nd2 Nd4 12. Nc4 Qe6 13. f4 exf4 14. Rxf4
Bg5 15. Re4 Bxe3+ 16. Rxe3 Qh6 17. Re5 Bg4 18. h3 Bxh3 19. Bxb7 Rae8 20. Rxe8
Rxe8 21. e3 Nf5 22. Qf3 Qg6 23. Be4 Qxg3+ 24. Qxg3 Nxg3 25. Bc6 Rc8 26. Bd5 Be6
27. Bxe6 fxe6 28. Kf2 Nf5 29. Rc1 Rd8 30. Ne5 Rd5 31. d4 Nd6 32. Nc4 Kf7 33.
dxc5 Ne4+ 34. Kf3 Nxc5 35. b4 Nd3 36. Rc3 Kf6 37. e4 Rd7 38. Ke3 Ne5 39. Nxe5
Kxe5 40. Rc5+ Kf6 41. a4 g5 42. Rb5 h5 43. a5 Rc7 44. Rb8 Ke5 45. Rb5+ Kf6 46.
Rb8 h4 47. a6 h3 48. Kf2 Ke5 49. Kg3 Rc3+ 50. Kg4 Kxe4 51. Rh8 Rb3 52. Kxg5 e5
53. Rh4+ Kd5 54. b5 Rxb5 55. Rxh3 Ra5 56. Kf5 Rxa6 57. Rd3+ Kc4 58. Rd7 Ra5 59.
Ke4 Ra1 60. Kxe5 a5 61. Rd4+ Kc3 62. Rh4 a4 63. Rh3+ Kc4 64. Rh4+ Kb5 65. Kd4
Rc1 66. Kd3 a3 67. Rh8 Rc6 68. Ra8 Kb4 69. Rb8+ 1/2-1/2

[Event "8. Open de Calvia de Aficionados 2011"]
[Site "Calvià ESP"]
[Date "2011.10.10"]
[Round "3.19"]
[White "Juan Mas, Santiago"]
[Black "Kopischke, Maik"]
[Result "1-0"]
[WhiteElo "2124"]
[BlackElo "1902"]
[PlyCount "37"]
[EventDate "2011.10.08"]
[EventType "swiss"]
[EventRounds "9"]
[EventCountry "ESP"]
[Source "lmi"]
[SourceDate "2011.10.08"]

1. e4 d6 2. Nc3 g6 3. f4 Bg7 4. Nf3 Nf6 5. Bc4 Nc6 6. d3 Na5 7. Bb3 Nxb3 8.
axb3 c5 9. O-O O-O 10. Qe1 Qb6 11. Kh1 Bd7 12. Qh4 Qd8 13. f5 Nh5 14. g4 Bf6
15. Bg5 Ng7 16. Bxf6 exf6 17. Nd5 g5 18. Qh6 Ne8 19. Rg1 1-0

[Event "8. Open de Calvia de Aficionados 2011"]
[Site "Calvià ESP"]
[Date "2011.10.10"]
[Round "3.20"]
[White "Moreno Mateos, Jose Luis"]
[Black "Planas Gene, Juan"]
[Result "0-1"]
[WhiteElo "1878"]
[BlackElo "2105"]
[PlyCount "68"]
[EventDate "2011.10.08"]
[EventType "swiss"]
[EventRounds "9"]
[EventCountry "ESP"]
[Source "lmi"]
[SourceDate "2011.10.08"]

1. d4 Nf6 2. c4 e6 3. Nc3 Bb4 4. f3 d5 5. a3 Be7 6. e3 b6 7. Bd3 Bb7 8. cxd5
exd5 9. Nge2 O-O 10. O-O c5 11. Bd2 Nc6 12. Be1 Re8 13. Bf2 a6 14. Kh1 Bf8 15.
Qd2 g6 16. Rae1 Bh6 17. Bb1 Na5 18. Ba2 Nc4 19. Bxc4 dxc4 20. Ng3 cxd4 21. Qxd4
Qxd4 22. exd4 b5 23. Nge4 Nxe4 24. Nxe4 Bxe4 25. Rxe4 f5 26. Rxe8+ Rxe8 27. Re1
Rxe1+ 28. Bxe1 Be3 29. Bc3 Kf7 30. d5 Bg5 31. Be5 Bf6 32. f4 Bxe5 33. fxe5 a5
34. Kg1 b4 0-1

[Event "8. Open de Calvia de Aficionados 2011"]
[Site "Calvià ESP"]
[Date "2011.10.11"]
[Round "4.1"]
[White "Chueca Forcen, Alberto"]
[Black "Navarro Ortiz De Ortuno, Borja"]
[Result "1/2-1/2"]
[WhiteElo "2296"]
[BlackElo "2275"]
[PlyCount "106"]
[EventDate "2011.10.08"]
[EventType "swiss"]
[EventRounds "9"]
[EventCountry "ESP"]
[Source "lmi"]
[SourceDate "2011.10.08"]

1. d4 d5 2. c4 c6 3. Nf3 Nf6 4. Nc3 a6 5. cxd5 cxd5 6. Bg5 Ne4 7. Bh4 Qa5 8. e3
Nc6 9. Qb3 e6 10. Bd3 f5 11. g4 Bb4 12. Rc1 fxg4 13. Bxe4 dxe4 14. Nd2 Qf5 15.
a3 Ba5 16. Qc2 O-O 17. Ncxe4 Bxd2+ 18. Nxd2 Qd5 19. Qe4 Bd7 20. Rg1 h5 21. Rc5
Qxe4 22. Nxe4 Rf5 23. h3 b6 24. hxg4 hxg4 25. Rc3 Kf8 26. Bg3 Rd5 27. Bd6+ Kf7
28. Rxg4 e5 29. Rg5 exd4 30. Rxd5 dxc3 31. Nxc3 Be6 32. Rh5 Kg6 33. Rh1 b5 34.
Rg1+ Kf7 35. Rg5 Rh8 36. Be5 Rh1+ 37. Kd2 g6 38. Bg3 Na5 39. a4 Nb3+ 40. Ke2 b4
41. Ne4 Ra1 42. Be5 Bc4+ 43. Kf3 Bd5 44. Kf4 Bxe4 45. Kxe4 Nd2+ 46. Kf4 Rxa4
47. Rg1 b3+ 48. Bd4 Nc4 49. Rb1 Nd6 50. Ke5 Nb5 51. Kd5 Nd6 52. Ke5 Ke7 53. Bc5
Ra5 1/2-1/2

[Event "8. Open de Calvia de Aficionados 2011"]
[Site "Calvià ESP"]
[Date "2011.10.11"]
[Round "4.2"]
[White "Perez Lopez, Jesus Maria"]
[Black "Diaz Nunez, Adolfo"]
[Result "1/2-1/2"]
[WhiteElo "2280"]
[BlackElo "2229"]
[PlyCount "59"]
[EventDate "2011.10.08"]
[EventType "swiss"]
[EventRounds "9"]
[EventCountry "ESP"]
[Source "lmi"]
[SourceDate "2011.10.08"]

1. d4 d5 2. c4 c6 3. Nf3 Nf6 4. Nc3 dxc4 5. a4 e6 6. e3 c5 7. Bxc4 Nc6 8. O-O
cxd4 9. Nxd4 Bd7 10. Qe2 a6 11. Nxc6 Bxc6 12. e4 Be7 13. Rd1 Qa5 14. Bf4 O-O
15. Bg3 Rfd8 16. Bd3 Nh5 17. Bc7 Qxc7 18. Qxh5 g6 19. Qe2 Qe5 20. Bc2 Rxd1+ 21.
Rxd1 Rd8 22. Rxd8+ Bxd8 23. Qd3 Bf6 24. g3 Qd4 25. Qxd4 Bxd4 26. Kf1 f5 27.
exf5 gxf5 28. Nd1 Bf3 29. b3 Kf7 30. Ne3 1/2-1/2

[Event "8. Open de Calvia de Aficionados 2011"]
[Site "Calvià ESP"]
[Date "2011.10.11"]
[Round "4.3"]
[White "Fruebing, Thomas"]
[Black "Garcia Del Rey, Senen"]
[Result "0-1"]
[WhiteElo "2166"]
[BlackElo "2295"]
[PlyCount "79"]
[EventDate "2011.10.08"]
[EventType "swiss"]
[EventRounds "9"]
[EventCountry "ESP"]
[Source "lmi"]
[SourceDate "2011.10.08"]

1. e4 c5 2. c3 Nf6 3. e5 Nd5 4. d4 cxd4 5. Qxd4 e6 6. Bc4 Nc6 7. Qe4 d6 8. f4
Nb6 9. Bb3 Nd7 10. Nf3 Nc5 11. Qe3 dxe5 12. fxe5 Nxb3 13. axb3 b6 14. Qe2 Be7
15. O-O O-O 16. Bf4 a5 17. b4 Bb7 18. b5 Bc5+ 19. Be3 Bxe3+ 20. Qxe3 Ne7 21.
Na3 Nf5 22. Qf2 Qc7 23. Nd2 Bd5 24. Rfe1 Rad8 25. Rac1 Rd7 26. Nf1 Rfd8 27.
Rcd1 Ba8 28. Rxd7 Rxd7 29. Nc2 Rd5 30. c4 Rc5 31. b3 h5 32. Nd4 Nxd4 33. Qxd4
a4 34. Rd1 axb3 35. Qb2 Rxc4 36. Qxb3 Bd5 37. Qe3 Re4 38. Qa3 Qxe5 39. h3 Re2
40. Qb3 0-1

[Event "8. Open de Calvia de Aficionados 2011"]
[Site "Calvià ESP"]
[Date "2011.10.11"]
[Round "4.4"]
[White "Sanchez Jerez, Emilio Miguel"]
[Black "Myhrvold, Rune"]
[Result "0-1"]
[WhiteElo "2275"]
[BlackElo "2183"]
[PlyCount "86"]
[EventDate "2011.10.08"]
[EventType "swiss"]
[EventRounds "9"]
[EventCountry "ESP"]
[Source "lmi"]
[SourceDate "2011.10.08"]

1. e4 c6 2. b3 d5 3. Bb2 dxe4 4. Ne2 Bg4 5. h3 Bh5 6. g4 Bg6 7. Bg2 Nf6 8. Nbc3
e5 9. Ng3 Nbd7 10. Ncxe4 Nd5 11. O-O Qh4 12. d4 O-O-O 13. dxe5 Nf4 14. Qf3
Nxh3+ 15. Bxh3 Qxh3 16. Qe3 Bxe4 17. Qxe4 Bc5 18. Nf5 h5 19. g5 Nf8 20. Rad1
Ne6 21. Bc1 g6 22. Nd6+ Kc7 23. Rd3 Qg4+ 24. Qxg4 hxg4 25. Nxf7 Rxd3 26. cxd3
Rf8 27. Nd6 Bxd6 28. exd6+ Kxd6 29. Kg2 Kd5 30. Be3 Nf4+ 31. Kg3 Nxd3 32. Kxg4
c5 33. f4 Ke4 34. Bd2 b5 35. Kg3 c4 36. Rh1 Rc8 37. bxc4 bxc4 38. Bc3 Nxf4 39.
Bf6 Nd3 40. Rh4+ Ke3 41. Bc3 Nc1 42. Bd4+ Kd3 43. a4 Ne2+ 0-1

[Event "8. Open de Calvia de Aficionados 2011"]
[Site "Calvià ESP"]
[Date "2011.10.11"]
[Round "4.5"]
[White "Scharrer, Patrick"]
[Black "Fernandez-Baldor Anibarro, Pablo"]
[Result "1-0"]
[WhiteElo "2269"]
[BlackElo "2175"]
[PlyCount "83"]
[EventDate "2011.10.08"]
[EventType "swiss"]
[EventRounds "9"]
[EventCountry "ESP"]
[Source "lmi"]
[SourceDate "2011.10.08"]

1. e4 c6 2. d4 d5 3. Nc3 dxe4 4. Nxe4 Nf6 5. Nxf6+ exf6 6. c3 Bd6 7. Bd3 Qc7 8.
Ne2 Be6 9. Be3 Nd7 10. Qc2 g6 11. c4 Qa5+ 12. Nc3 f5 13. O-O-O Rc8 14. Bh6 Bf8
15. Qd2 Nb6 16. Bxf8 Kxf8 17. b3 Qa3+ 18. Qb2 Qxb2+ 19. Kxb2 Kg7 20. h4 Kf6 21.
Ne2 Rcd8 22. Kc3 h6 23. Ng3 Nc8 24. b4 Ne7 25. a4 a6 26. a5 Rd7 27. Ne2 Rhd8
28. Bc2 g5 29. hxg5+ hxg5 30. Nc1 f4 31. Nb3 Bf5 32. Nc5 Rc7 33. Bxf5 Kxf5 34.
Rh6 Ng6 35. f3 Re7 36. d5 Re3+ 37. Kd4 cxd5 38. cxd5 Re2 39. Nxb7 Rb8 40. Nd6+
Kf6 41. Rh7 Ne5 42. Ne4+ 1-0

[Event "8. Open de Calvia de Aficionados 2011"]
[Site "Calvià ESP"]
[Date "2011.10.11"]
[Round "4.6"]
[White "Rodriguez Fontecha, Marcos"]
[Black "Walton, Alan J"]
[Result "1/2-1/2"]
[WhiteElo "2244"]
[BlackElo "2164"]
[PlyCount "59"]
[EventDate "2011.10.08"]
[EventType "swiss"]
[EventRounds "9"]
[EventCountry "ESP"]
[Source "lmi"]
[SourceDate "2011.10.08"]

1. d4 d5 2. Bf4 Nf6 3. e3 e6 4. Nf3 c5 5. c3 Nc6 6. Nbd2 Bd6 7. Bg3 O-O 8. Bd3
Re8 9. Ne5 Bxe5 10. dxe5 Nd7 11. Nf3 Qc7 12. O-O h6 13. e4 dxe4 14. Bxe4 b6 15.
Nd2 Ba6 16. Re1 Rad8 17. Qa4 Ndb8 18. Rad1 b5 19. Qb3 Nd7 20. f4 Ne7 21. Bh4 c4
22. Qa3 Nc5 23. Bf2 Nxe4 24. Nxe4 Rxd1 25. Rxd1 Qc6 26. Nc5 Bb7 27. Nxb7 Qxb7
28. Qd6 Nd5 29. Rd4 Re7 30. h3 1/2-1/2

[Event "8. Open de Calvia de Aficionados 2011"]
[Site "Calvià ESP"]
[Date "2011.10.11"]
[Round "4.7"]
[White "Lacrosse, Marc"]
[Black "Galiana Salom, Juan Ramon"]
[Result "1/2-1/2"]
[WhiteElo "2144"]
[BlackElo "2236"]
[PlyCount "108"]
[EventDate "2011.10.08"]
[EventType "swiss"]
[EventRounds "9"]
[EventCountry "ESP"]
[Source "lmi"]
[SourceDate "2011.10.08"]

1. d4 Nf6 2. c4 c5 3. d5 b5 4. cxb5 a6 5. bxa6 g6 6. Nc3 Bxa6 7. Nf3 d6 8. g3
Bg7 9. Bg2 Nbd7 10. Rb1 Nb6 11. b3 Bc8 12. Nh4 h6 13. Qc2 Qd7 14. O-O g5 15.
Nf3 Nfxd5 16. Nxd5 Nxd5 17. Bd2 Bb7 18. Rfd1 Nf6 19. Ne1 O-O 20. Bc3 Rfc8 21.
e4 Ne8 22. Rd2 Ra3 23. Bxg7 Nxg7 24. Qc1 Ra7 25. Rbb2 Ne6 26. Qd1 Nd4 27. Nc2
Nxc2 28. Rbxc2 Qe6 29. Qe2 Ba6 30. Qe3 Rac7 31. h4 gxh4 32. gxh4 Qf6 33. e5
dxe5 34. Rd5 c4 35. Qxe5 Qxe5 36. Rxe5 cxb3 37. Rxc7 Rxc7 38. axb3 e6 39. Kh2
Rc3 40. Re3 Rc2 41. Kg3 Rb2 42. Be4 Bb5 43. Bd3 Rxb3 44. Bh7+ Kxh7 45. Rxb3 Bc4
46. Rc3 Bd5 47. Rc7 Kg6 48. Rc8 Kf6 49. Rg8 Be4 50. f4 Bf5 51. Kf3 Bc2 52. Rg1
Bf5 53. Rg3 Bc2 54. Rg1 Bf5 1/2-1/2

[Event "8. Open de Calvia de Aficionados 2011"]
[Site "Calvià ESP"]
[Date "2011.10.11"]
[Round "4.8"]
[White "Rhein, Klaus"]
[Black "Sokalsky, Alexander"]
[Result "0-1"]
[WhiteElo "2126"]
[BlackElo "2226"]
[PlyCount "132"]
[EventDate "2011.10.08"]
[EventType "swiss"]
[EventRounds "9"]
[EventCountry "ESP"]
[Source "lmi"]
[SourceDate "2011.10.08"]

1. e4 c6 2. d4 d5 3. exd5 cxd5 4. c4 Nf6 5. Nc3 g6 6. cxd5 Bg7 7. Qb3 O-O 8. g3
Nbd7 9. Bg2 Nb6 10. Nge2 Bf5 11. Nf4 Qd7 12. O-O g5 13. Nfe2 h6 14. Rd1 Rfd8
15. Be3 Nbxd5 16. Nxd5 Nxd5 17. Bxd5 Qxd5 18. Qxd5 Rxd5 19. Rac1 Rd7 20. f3 b6
21. g4 Be6 22. b3 Rad8 23. Rd2 f5 24. f4 fxg4 25. fxg5 hxg5 26. Bxg5 Bf5 27.
Kf2 Kf7 28. Bh4 Bh6 29. Rcd1 Bxd2 30. Rxd2 Rc8 31. Ke3 Rc2 32. Bg3 Rxd2 33.
Kxd2 Rd8 34. Be5 Rc8 35. Nc3 Ke8 36. b4 Kd7 37. a4 Rc4 38. b5 e6 39. Bf6 Kc8
40. Be5 Kb7 41. Bf6 Bg6 42. Be5 Rc8 43. Bf4 Rh8 44. Kc1 Rf8 45. Bg3 Bd3 46. Kb2
Rf3 47. d5 exd5 48. Nxd5 Bc4 49. Nc3 Rd3 50. Be5 Re3 51. Bg3 Be6 52. Kc2 Rf3
53. Kb2 Rf1 54. Ne4 Bd5 55. Nc3 Bf3 56. Kc2 Kc8 57. Kb3 Bb7 58. Kc4 Rf3 59. Kb3
Rf7 60. Kb4 Bf3 61. a5 bxa5+ 62. Kxa5 Kb7 63. Kb4 Re7 64. Kc4 Re8 65. Kb4 Rd8
66. Kc4 Rd2 0-1

[Event "8. Open de Calvia de Aficionados 2011"]
[Site "Calvià ESP"]
[Date "2011.10.11"]
[Round "4.9"]
[White "Spence, David J"]
[Black "Svensson, Leif 1940"]
[Result "1-0"]
[WhiteElo "2199"]
[BlackElo "2156"]
[PlyCount "125"]
[EventDate "2011.10.08"]
[EventType "swiss"]
[EventRounds "9"]
[EventCountry "ESP"]
[Source "lmi"]
[SourceDate "2011.10.08"]

1. e4 e5 2. Nf3 Nc6 3. Bb5 a6 4. Ba4 Nf6 5. Qe2 b5 6. Bb3 Bc5 7. c3 d6 8. d3
O-O 9. Bg5 Qe7 10. Nbd2 Bb6 11. Bd5 Bd7 12. Nh4 g6 13. Qf3 Kg7 14. Qg3 Qe8 15.
Bxf6+ Kxf6 16. f4 exf4 17. Qxf4+ Kg7 18. O-O-O Qe5 19. g3 Rab8 20. d4 Qxf4 21.
gxf4 Ne7 22. Bb3 c5 23. Nhf3 c4 24. Bc2 Rfc8 25. Rde1 a5 26. h4 b4 27. h5 bxc3
28. bxc3 Bg4 29. hxg6 Bxf3 30. Rxh7+ Kg8 31. Rxf7 Nxg6 32. Rf6 Bh5 33. Rf5 Rb7
34. Rxh5 Nxf4 35. Rg5+ Rg7 36. Rxg7+ Kxg7 37. Rg1+ Kf6 38. Rf1 Kg5 39. Nf3+ Kg4
40. Kd2 Rf8 41. Bd1 Kg3 42. Ne1 Ne6 43. Rxf8 Nxf8 44. Ke3 Bd8 45. Nf3 Ne6 46.
Be2 Ng5 47. Nd2 Ne6 48. Bxc4 Bg5+ 49. Kd3 Nf4+ 50. Kc2 Kf2 51. a4 Ng2 52. Bb5
Ne1+ 53. Kd1 Ng2 54. e5 Ne3+ 55. Kc1 Nd5 56. Kc2 Bxd2 57. Kxd2 dxe5 58. dxe5
Kg3 59. c4 Nc7 60. Ke3 Kg4 61. Ke4 Kg5 62. Bd7 Kg6 63. Kd4 1-0

[Event "8. Open de Calvia de Aficionados 2011"]
[Site "Calvià ESP"]
[Date "2011.10.11"]
[Round "4.10"]
[White "Castell Cantero, Salvador"]
[Black "Matthiesen, Martin"]
[Result "0-1"]
[WhiteElo "2095"]
[BlackElo "2277"]
[PlyCount "102"]
[EventDate "2011.10.08"]
[EventType "swiss"]
[EventRounds "9"]
[EventCountry "ESP"]
[Source "lmi"]
[SourceDate "2011.10.08"]

1. d4 Nf6 2. c4 e6 3. Nc3 Bb4 4. Nf3 b6 5. Bg5 h6 6. Bh4 Bb7 7. e3 Bxc3+ 8.
bxc3 d6 9. Bd3 g5 10. Bg3 Ne4 11. Qc2 f5 12. d5 Nd7 13. Nd4 Ndc5 14. f3 Nxd3+
15. Qxd3 Nc5 16. Qc2 Qf6 17. dxe6 Rf8 18. O-O O-O-O 19. Rab1 Nxe6 20. Qa4 a6
21. Rfd1 g4 22. Nxe6 Qxe6 23. c5 dxc5 24. Qf4 Rxd1+ 25. Rxd1 Rf7 26. Rd2 Bd5
27. a3 Kb7 28. Kf2 Re7 29. Bh4 Rf7 30. Bg3 a5 31. Qe5 Qxe5 32. Bxe5 Kc6 33. Bf4
h5 34. h3 b5 35. hxg4 hxg4 36. Rb2 gxf3 37. gxf3 Rf8 38. Be5 Re8 39. Bf6 Rb8
40. Ke2 Bc4+ 41. Kf2 Bd3 42. Rd2 c4 43. Bd4 Kd5 44. a4 b4 45. Rb2 c5 46. Bf6
Rf8 47. Be7 Rf7 48. Bg5 bxc3 49. Ra2 c2 50. Ra1 c3 51. Ke1 Rg7 0-1

[Event "8. Open de Calvia de Aficionados 2011"]
[Site "Calvià ESP"]
[Date "2011.10.11"]
[Round "4.13"]
[White "Asensio, Enrique"]
[Black "Wortmann, Dirk"]
[Result "1-0"]
[WhiteElo "2178"]
[BlackElo "2014"]
[PlyCount "71"]
[EventDate "2011.10.08"]
[EventType "swiss"]
[EventRounds "9"]
[EventCountry "ESP"]
[Source "lmi"]
[SourceDate "2011.10.08"]

1. d4 d5 2. c4 c6 3. Nf3 Nf6 4. Qc2 e6 5. g3 Bd6 6. Bg2 O-O 7. O-O Nbd7 8. Nc3
Re8 9. Rd1 a6 10. e4 dxe4 11. Ng5 h6 12. Ngxe4 Nxe4 13. Nxe4 Bf8 14. Bf4 Nf6
15. Nxf6+ Qxf6 16. c5 Qd8 17. Qc3 Be7 18. Be5 Bf6 19. a3 Qe7 20. Rd2 Rd8 21.
Rad1 Rd7 22. Qa5 Qd8 23. Qc3 Qe7 24. h4 Qd8 25. Be4 Qe7 26. Qe3 Rd8 27. Bc2 Kh8
28. Qe4 g6 29. h5 Rg8 30. Kg2 Bg7 31. hxg6 f5 32. Qe3 Rd8 33. Qxh6+ Kg8 34.
Qh7+ Kf8 35. Rh1 Bd7 36. Qh8+ 1-0

[Event "8. Open de Calvia de Aficionados 2011"]
[Site "Calvià ESP"]
[Date "2011.10.11"]
[Round "4.14"]
[White "Gaya Llodra, Juan"]
[Black "Berendsen, Markus"]
[Result "1/2-1/2"]
[WhiteElo "2160"]
[BlackElo "2035"]
[PlyCount "55"]
[EventDate "2011.10.08"]
[EventType "swiss"]
[EventRounds "9"]
[EventCountry "ESP"]
[Source "lmi"]
[SourceDate "2011.10.08"]

1. d4 Nf6 2. Nf3 g6 3. g3 Bg7 4. Bg2 O-O 5. c4 d6 6. O-O c6 7. Nc3 Qa5 8. d5 a6
9. h3 Qd8 10. e4 c5 11. Be3 b5 12. e5 Ne8 13. Re1 bxc4 14. e6 fxe6 15. dxe6 Bb7
16. Ng5 Bxg2 17. Kxg2 Qc8 18. Nd5 Qb7 19. Kg1 Nc6 20. Nf7 Nd4 21. Bxd4 Qxd5 22.
Bxg7 Qxd1 23. Raxd1 Nxg7 24. g4 Rab8 25. Rd2 Rb7 26. Nh6+ Kh8 27. Nf7+ Kg8 28.
Nh6+ 1/2-1/2

[Event "8. Open de Calvia de Aficionados 2011"]
[Site "Calvià ESP"]
[Date "2011.10.11"]
[Round "4.15"]
[White "Sokalskaja, Elena"]
[Black "Schuermans, Robert"]
[Result "1/2-1/2"]
[WhiteElo "2040"]
[BlackElo "2139"]
[PlyCount "124"]
[EventDate "2011.10.08"]
[EventType "swiss"]
[EventRounds "9"]
[EventCountry "ESP"]
[Source "lmi"]
[SourceDate "2011.10.08"]

1. d4 d5 2. Nf3 Nc6 3. g3 Bg4 4. Bg2 Qd7 5. O-O O-O-O 6. Re1 f6 7. c3 e5 8.
dxe5 fxe5 9. Bg5 Nf6 10. Qa4 e4 11. Nd4 Nxd4 12. Qxd7+ Rxd7 13. cxd4 Bb4 14.
Nc3 Rf8 15. Rac1 h6 16. Bf4 Ne8 17. f3 Be6 18. Red1 g5 19. Be5 exf3 20. exf3
Nd6 21. Bxd6 Bxd6 22. Nb5 a6 23. Nxd6+ Rxd6 24. Re1 Bd7 25. Re5 Re8 26. f4 gxf4
27. gxf4 Rf8 28. f5 Rxf5 29. Re7 Rg5 30. Kh1 Re6 31. Rf7 Re2 32. Bf3 Re3 33. h4
Rg8 34. Kh2 c6 35. Rc3 Rxc3 36. bxc3 Kc7 37. Rh7 Rg6 38. h5 Rd6 39. Bg4 b5 40.
Kg3 Kd8 41. Bxd7 Rxd7 42. Rxh6 Kc7 43. Rg6 Rh7 44. h6 Kb6 45. Kg4 a5 46. a3 b4
47. cxb4 axb4 48. axb4 Ra7 49. Rg7 Ra1 50. h7 Rh1 51. Kf5 Kb5 52. Rb7+ Kc4 53.
Ke5 Rh5+ 54. Kf6 Kxd4 55. Kg6 Rh1 56. Rb8 Kc3 57. Rc8 Kxb4 58. Rxc6 d4 59. Kg7
d3 60. Rh6 Rxh6 61. Kxh6 d2 62. h8=Q d1=Q 1/2-1/2

[Event "8. Open de Calvia de Aficionados 2011"]
[Site "Calvià ESP"]
[Date "2011.10.11"]
[Round "4.16"]
[White "Hallerod, Ralph"]
[Black "Gomez Olivares, Alejandro"]
[Result "1/2-1/2"]
[WhiteElo "2122"]
[BlackElo "1947"]
[PlyCount "78"]
[EventDate "2011.10.08"]
[EventType "swiss"]
[EventRounds "9"]
[EventCountry "ESP"]
[Source "lmi"]
[SourceDate "2011.10.08"]

1. d4 d5 2. c4 e6 3. Nf3 Nf6 4. Nc3 Be7 5. cxd5 exd5 6. Bg5 c6 7. Qc2 g6 8. e3
Bf5 9. Bd3 Bxd3 10. Qxd3 Nbd7 11. O-O O-O 12. h3 Re8 13. Bf4 Bf8 14. Ne5 Nh5
15. Bh2 Nxe5 16. Bxe5 f6 17. Bh2 Bd6 18. Bxd6 Qxd6 19. Rab1 f5 20. b4 b5 21.
Ne2 Nf6 22. Rfc1 Nd7 23. a4 bxa4 24. Qa6 Nb6 25. Rc5 Rec8 26. Rbc1 Rc7 27. Nc3
Rac8 28. Nxa4 Nd7 29. R5c2 Qxb4 30. Rxc6 Rxc6 31. Rxc6 Qb1+ 32. Kh2 Qb8+ 33. g3
Nb6 34. Rxc8+ Qxc8 35. Qxa7 Qc2 36. Qb8+ Kf7 37. Qb7+ Kf8 38. Qb8+ Kf7 39. Nxb6
Qxf2+ 1/2-1/2

[Event "8. Open de Calvia de Aficionados 2011"]
[Site "Calvià ESP"]
[Date "2011.10.11"]
[Round "4.18"]
[White "Planas Gene, Juan"]
[Black "Asensio Ramos, Enrique Fernando"]
[Result "1-0"]
[WhiteElo "2105"]
[BlackElo "1785"]
[PlyCount "145"]
[EventDate "2011.10.08"]
[EventType "swiss"]
[EventRounds "9"]
[EventCountry "ESP"]
[Source "lmi"]
[SourceDate "2011.10.08"]

1. d4 Nf6 2. c4 c5 3. d5 b5 4. cxb5 a6 5. bxa6 g6 6. Nc3 Bxa6 7. e4 Bxf1 8.
Kxf1 d6 9. Nf3 Bg7 10. g3 Nbd7 11. Kg2 O-O 12. h3 Ne8 13. Re1 Nc7 14. Bf4 Nb6
15. a4 Qd7 16. e5 Rfb8 17. b3 Nc8 18. Rb1 h6 19. Qd3 g5 20. Bxg5 hxg5 21. Nxg5
dxe5 22. Qh7+ Kf8 23. Rxe5 Ra6 24. Ne6+ fxe6 25. Rg5 Ne8 26. Re1 e5 27. Rexe5
Ncd6 28. Rxg7 Nxg7 29. Qh8+ Kf7 30. Qxb8 Qb7 31. Qxb7 Nxb7 32. Nb5 Nd6 33.
Nxd6+ exd6 34. Re4 Rb6 35. a5 Rxb3 36. Ra4 Ne8 37. a6 Nc7 38. a7 Na8 39. Rh4
Kg7 40. Re4 Kf7 41. Re6 Rb6 42. h4 Ra6 43. h5 Nc7 44. Rh6 Rxa7 45. Rxd6 Ke7 46.
Rc6 Nxd5 47. Rxc5 Kd6 48. Rc8 Rh7 49. g4 Nf4+ 50. Kg3 Nxh5+ 51. gxh5 Rxh5 52.
Re8 Kd7 53. Re1 Rg5+ 54. Kf4 Rg7 55. Re2 Kd6 56. f3 Kd5 57. Re5+ Kd4 58. Ra5
Rg8 59. Rg5 Rf8+ 60. Rf5 Rg8 61. Rf7 Rd8 62. Kf5 Ke3 63. f4 Kf3 64. Rf6 Re8 65.
Kg6 Re7 66. f5 Rc7 67. Ra6 Rc4 68. f6 Rg4+ 69. Kf7 Rb4 70. Kg7 Rg4+ 71. Kf8 Rf4
72. f7 Rf6 73. Rxf6+ 1-0

[Event "8. Open de Calvia de Aficionados 2011"]
[Site "Calvià ESP"]
[Date "2011.10.11"]
[Round "4.19"]
[White "Kyrkjebo, Erlend"]
[Black "Obers, Frits"]
[Result "1/2-1/2"]
[WhiteElo "2026"]
[BlackElo "2105"]
[PlyCount "62"]
[EventDate "2011.10.08"]
[EventType "swiss"]
[EventRounds "9"]
[EventCountry "ESP"]
[Source "lmi"]
[SourceDate "2011.10.08"]

1. e4 c5 2. Nf3 g6 3. Bc4 Bg7 4. O-O e6 5. c3 Ne7 6. d4 cxd4 7. cxd4 d5 8. exd5
exd5 9. Bb3 O-O 10. Nc3 Nbc6 11. Bg5 h6 12. Bh4 Be6 13. Re1 Qd7 14. Bxe7 Nxe7
15. Ne5 Qd6 16. Nb5 Qb6 17. Qe2 a6 18. Nc3 Rfe8 19. Rad1 Qd6 20. Qf3 Rad8 21.
Ng4 Nf5 22. Nxd5 Bxd5 23. Rxe8+ Rxe8 24. Bxd5 Re7 25. Ne3 Nxd4 26. Qg4 Qb6 27.
b3 h5 28. Qh4 Rd7 29. Bc4 Qf6 30. Qe4 Re7 31. Qd3 Qg5 1/2-1/2